The Mentalist Cast - Statistics

General Stats
  • This quiz has been taken 43 times
  • The average score is 9 of 81
Answer Stats
actor character % Correct
Simon Baker Patrick Jane
100%
Robin Tunney teresa Lisbon
87%
Owain Yeoman Wayne Rigsby
84%
Amanda Righetti Grace Van Pelt
82%
Tim Kang Kimball Cho
76%
Rockmond Dunbar Dennis Abbott
39%
Josie Loren Michelle Vega
39%
Emily Swallow Kim Fischer
34%
Michael gaston Gale Bertram
32%
Joe Adler Jason Wylie
32%
Malcolm McDowell Bret Stiles
29%
Dove Cameron Charlotte Jane
29%
Aunjanue Ellis madeleine Hightower
29%
Gregory Itzin Virgil Minelli
29%
Rebecca Wisocky Brenda
18%
terry Kinney Sam Bosco
18%
Eric Winter Craig O'laughlin
16%
Morena Baccarin Erica Flynn
16%
pedro Pascal Marcus Pike
16%
Pruitt Taylor Vince LaRoche
13%
Catherine Dent Susan Darcy
11%
Kevin Corrigan Bob Kirkland
8%
Christopher Cousins Jason Lennon
8%
Leslie Hope Kristina Frye
8%
Reed Diamond Ray Haffner
8%
samaire Armstrong Summer Edgecombe
8%
Henry Ian Cusick Tommy Volker
8%
Michael Rady Luther Wainwright
5%
garcelle Beauvais Danitra Cass
3%
Alicia Witt Rosalind Harker
3%
Jillian Bach Sarah Harrigan
3%
Monique Gabriela Curnen Tamsin Wade
3%
Chris Brochu Young Jane
3%
Andrea parker Ann Meier
0%
Silas Weir Mitchell Arthur Coffey/ Ralph Mercer
0%
Amelia Rose Blaire Bibby Fortensky
0%
Chris Tallman Carl Resnick
0%
Melissa Fumero Carmen Reyes
0%
Kirk Acevedo Christian Dos Santos
0%
Lucy Davis Daphne Valiquette
0%
Erin Cahill Donna Hines
0%
John de Lancie Edward Feinberg
0%
Charles Mesure Edwin macKaye
0%
Sandrine Holt Elise Chaye
0%
Dylan Minette Frankie O'Keefe
0%
ivan Sergei Gabe Mancini
0%
Patrick Fischler Gary Beinhart
0%
Emily Baldoni Heather Rade
0%
Alice Evans Ilsa Engels
0%
Mark Deklin James Kinsey
0%
JR Bourne Jeremy Hale
0%
Yani Gellman Julian Gallego
0%
Elaine Hendrix Julia St germain
0%
Missi Pyle Karen Cross
0%
Kate McNeil Katherine Blakely
0%
Lochlyn Munro Keith Farrow
0%
Sasha Roiz Keith Wolcutt
0%
Christina Chang Lillian Foster
0%
Amanda Schull Marcy Victor
0%
Zoe McLellan Marie Bajoran
0%
Brit Morgan Marie Flanigan
0%
Gil Birmingham Markham Willis
0%
Jack Coleman Max Winter
0%
Steven Culp Morgan Tolliver
0%
Jon Jon Briones Mr Lam
0%
David DeLuise Mr Loveland
0%
Geoff Pierson Noah Plaskett
0%
Malcolm Barrett Officer Price
0%
Evan Peters Oliver McDaniel
0%
Ron Canada Philip Raimey
0%
Dakin Matthews Professor Papadakis
0%
Jessy Schram Rachel Bowman
0%
Jake McLaughlin Rowdy Merriman
0%
Robyn lively Sadie Harrington
0%
Sebastian Roche Shirali Arlov
0%
Anne Dudek Sloan Dietz
0%
Elizabeth Rohm Sophie millrt
0%
Rick Worthy Terry Andrews
0%
James frain Terry Murphy
0%
marnette Paterson Viktoria Shays
0%
Mac Brandt Xander
0%
No matching quizzes found
Score Distribution
Percent of People with Each Score
Percentile by Number Answered
Your Score History
You have not taken this quiz